Responses for show #3200 - Friday, June 26, 1998

Contestants

Marjorie Fradin, a real estate broker from Highland Park, Illinois

Karim Khan, a digital librarian from Falls Church, Virginia

John Bunnell, an attorney from Newport, Tennessee (whose 1-day cash winnings total $13,400)

Jeopardy! Round responses

STATES OF THE UNION
FUN THINGS TO DO
CELEBRITY BOOKS
BIBLICAL GUYS
SPORTS
CLASSIC RHYMES
    $100 1
Alaska & Hawaii

John
    $100 6
New Orleans

Karim
    $100 20
Paul Reiser

Marjorie
    $100 10
Goliath

John
    $100 26
Indianapolis 500

John
    $100 13
June

Marjorie
    $200 2
Washington

John
    $200 7
Oprah Winfrey

Marjorie
    $200 22
George Burns

John
    $200 17
Daniel

Marjorie
    $200 27
Dallas Cowboys

Karim
    $200 14
Cream

John
    $300 3
(M: What is New Mexico?)

Arizona

JohnMarjorie
    $300 8
San Diego

Marjorie
    $300 9
(J: Who is Quentin Tarantino?)

John Travolta

JohnKarim
    $300 11
Noah

John
    $1,000 28
UCLA

Karim
    $300 15
(J: What is white?)
(M: What is enticing?)

Exciting

JohnMarjorie
Triple Stumper
    $400 4
Kentucky

Marjorie
    $400 21
Australia

Karim
    $400 23
Bette Midler

Karim
    $400 12
Jacob

Marjorie
    $400 29
(J: Who is Bob Matthias?)
(M: Who is Jesse Owens?)

Carl Lewis

JohnKarimMarjorie
    $400 18
(J: What is keep the family fed?)

Kept his family fed

JohnMarjorie
    $500 5
Iowa

Karim
    $500 25
Pleasure Island

Marjorie
    $500 24
"I Will Survive"

Marjorie
    $500 16
Ishmael

John
    $500 30
(M: What is Mile High Stadium?)

Coors Field (the home of the Colorado Rockies)

KarimMarjorie
    $500 19
Desire

Karim

Scores at the first commercial break (after clue 15):

John Karim Marjorie
$600 $900 $800

Scores at the end of the Jeopardy! Round:

John Karim Marjorie
$600 $4,300 $1,600

Double Jeopardy! Round responses

BOTANY
SONGS ABOUT THE MOVIES
HOLIDAYS & OBSERVANCES
THEIR NATIVE SOIL
EUROPE TO NO GOOD
SAY IT AIN'T SO
    $200 28
(K: What is the bloom?)
(J: What is the stamen?)

Leaf

JohnKarim
Triple Stumper
    $200 2
Be in Pictures

Triple Stumper
    $200 10
Christmas

John
    $200 26
Holland/The Netherlands

Karim
    $200 29
Solidarity

Karim
    $200 30
"I am not a crook"

Karim
    $400 25
Saguaro

Karim
    $400 3
"Winona"

Karim
    $400 12
Florence Nightingale

John
    $400 23
Scotland

Marjorie
    $400 11
Basques

John
    $400 27
Juliet

Karim
    $600 24
(less than a minute to go...)

Dandelion

Karim
    $600 4
Bananarama

Marjorie
    $600 13
Veterans Day

Marjorie
    $400 20
Czechoslovakia

John
    $600 9
Italy

Marjorie
    $600 18
Bull Durham

John
    $800 22
Spores

Triple Stumper
    $800 5
"Bette Davis Eyes"

Karim
    $800 21
Epiphany

John
    $800 19
England

John
    $800 8
Kurt Waldheim

John
    $800 17
(K: Who is John Waite?)

Tina Turner

JohnKarim
    $1000 14
Carolus Linnaeus

John
    $1000 6
Sad movies

John
    $2,000 15
(J: What is Father's Day?)

Columbus Day

John
    $1000 1
Morocco

Karim
    $1000 7
(K: What is Germany?)

Denmark

JohnKarim
    $1000 16
(J: What is The Devil Made Me Do It?)

I'm No Angel

John
Triple Stumper

Scores at the end of the Double Jeopardy! Round:

John Karim Marjorie
$5,600 $6,500 $3,800

[wagering suggestions for these scores]

Final Jeopardy! Round responses

HISTORIC AMERICANS
MarjorieWho was FDR?
$3,600
JohnWho was Richard M. Nixon?
$5,600
KarimWho was FDR?
$4,705
Franklin Delano Roosevelt

Final scores:

John Karim Marjorie
$0 $11,205 $7,400
3rd place: Samsung Maxima Zoom Evoca Camera New champion: $11,205 2nd place: Trip to the Whaler Resort on Kaanapali Beach, Maui, Hawaii

Game dynamics:

Coryat scores:

John Karim Marjorie
$7,800 $5,800 $3,800
21 R
(including 1 DD),
7 W
(including 1 DD)
19 R
(including 1 DD),
3 W
14 R,
4 W

Combined Coryat: $17,400

The J! Archive is created by fans, for fans. The Jeopardy! game show and all elements thereof, including but not limited to copyright and trademark thereto, are the property of Jeopardy Productions, Inc. and are protected under law. This website is not affiliated with, sponsored by, or operated by Jeopardy Productions, Inc. Join the discussion at JBoard.tv.